000 00309nam a22001217a 4500
999 _c535046
_d535046
040 _cMSOHAIL
082 _a621.3678
_bBHA
100 _aS. C. Bhatia
_929540
245 _aFundamentals of Remote Sensing
260 _aAtlantic Publishers & Distributors Pvt Ltd
_cc2018
300 _a552;pxv
942 _2ddc
_cBK